Psychoeducational development of gifted and talented learners /

Bibliographic Details
Main Author: Sellin, Donald F., 1934-
Other Authors: Birch, Jack W.
Format: Book
Language:English
Published: Rockville, Md. : Aspen Systems Corp., 1981.
Subjects:

MARC

Tag First Indicator Second Indicator Subfields
LEADER 00000pam a2200000 a 4500
001 in00000050980
005 20151007080103.0
008 810331s1981 mdua b 00110 eng
010 |a  81003467  
020 |a 0894433628 
035 |a (OCoLC)07460523 
035 |9 AAF4242AM 
039 0 |a 2  |b 3  |c 3  |d 3  |e 3 
040 |a DLC  |c DLC  |d TXA  |d UtOrBLW 
043 |a n-us--- 
049 |a TXAM  |c [1561486] 
050 0 0 |a LC3993.9  |b  S4 
082 0 |a 371.95  |2 19 
100 1 |a Sellin, Donald F.,  |d 1934- 
245 1 0 |a Psychoeducational development of gifted and talented learners /  |c  Donald F. Sellin and Jack W. Birch. 
264 1 |a Rockville, Md. :  |b Aspen Systems Corp.,  |c 1981. 
300 |a xvi, 319 pages :  |b illustrations ;  |c 24 cm. 
336 |a text  |b txt  |2 rdacontent 
337 |a unmediated  |b n  |2 rdamedia 
338 |a volume  |b nc  |2 rdacarrier 
500 |a "An Aspen publication." 
500 |a Includes index. 
504 |a Bibliography: pages 295-304. 
650 0 |a Gifted children  |x Education  |z United States. 
650 0 |a Gifted children  |z United States  |x Psychology. 
650 0 |a Talented students  |z United States. 
700 1 |a Birch, Jack W. 
999 |a MARS 
999 f f |s 4372fceb-ac89-389d-8489-3c811b9e3c99  |i 2422140a-edd0-3510-908f-d1b58584ffe6  |t 0 
952 f f |p normal  |a Texas A&M University  |b College Station  |c Sterling C. Evans Library  |d Evans: Library Stacks  |t 0  |e LC3993.9 S4  |h Library of Congress classification  |i unmediated -- volume  |m A14805945430 
998 f f |a LC3993.9 S4  |t 0  |l Evans: Library Stacks